<?xml version="1.0" encoding="UTF-8"?>
<record
    xmlns:xsi="http://www.w3.org/2001/XMLSchema-instance"
    xsi:schemaLocation="http://www.loc.gov/MARC21/slim http://www.loc.gov/standards/marcxml/schema/MARC21slim.xsd"
    xmlns="http://www.loc.gov/MARC21/slim">

  <leader>00887nam a22001937a 4500</leader>
  <datafield tag="999" ind1=" " ind2=" ">
    <subfield code="c">62735</subfield>
    <subfield code="d">62735</subfield>
  </datafield>
  <controlfield tag="005">20250203170044.0</controlfield>
  <controlfield tag="008">250203s2017    ru ||||| |||| 00| 0 rus d</controlfield>
  <datafield tag="020" ind1=" " ind2=" ">
    <subfield code="a">9785911600907</subfield>
  </datafield>
  <datafield tag="041" ind1=" " ind2=" ">
    <subfield code="a">rus</subfield>
  </datafield>
  <datafield tag="080" ind1=" " ind2=" ">
    <subfield code="a">616..89 C-60</subfield>
  </datafield>
  <datafield tag="100" ind1=" " ind2=" ">
    <subfield code="a">&#x421;&#x43E;&#x43B;&#x43E;&#x432;&#x44C;&#x435;&#x432;&#x430;,  &#x418;&#x440;&#x438;&#x43D;&#x430;</subfield>
    <subfield code="9">24233</subfield>
  </datafield>
  <datafield tag="245" ind1=" " ind2=" ">
    <subfield code="a">&#x41A;&#x442;&#x43E; &#x43C;&#x44B; &#x43D;&#x430; &#x441;&#x430;&#x43C;&#x43E;&#x43C; &#x434;&#x435;&#x43B;&#x435;? :</subfield>
    <subfield code="b">&#x41E; &#x431;&#x435;&#x441;&#x441;&#x43E;&#x437;&#x43D;&#x430;&#x442;&#x435;&#x43B;&#x44C;&#x43D;&#x43E;&#x43C; &#x43E;&#x431;&#x440;&#x430;&#x437;&#x435; &#x442;&#x435;&#x43B;&#x430; /</subfield>
    <subfield code="c">&#x418;&#x440;&#x438;&#x43D;&#x430; &#x421;&#x43E;&#x43B;&#x43E;&#x432;&#x44C;&#x435;&#x432;&#x430;.</subfield>
  </datafield>
  <datafield tag="264" ind1=" " ind2=" ">
    <subfield code="a">&#x41C;&#x43E;&#x441;&#x43A;&#x432;&#x430; :</subfield>
    <subfield code="b">&#x418;&#x43D;&#x441;&#x442;&#x438;&#x442;&#x443;&#x442; &#x43A;&#x43E;&#x43D;&#x441;&#x443;&#x43B;&#x44C;&#x442;&#x438;&#x440;&#x43E;&#x432;&#x430;&#x43D;&#x438;&#x44F; &#x438; &#x441;&#x438;&#x441;&#x442;&#x435;&#x43C;&#x43D;&#x44B;&#x445; &#x440;&#x435;&#x448;&#x435;&#x43D;&#x438;&#x438;,</subfield>
    <subfield code="c">2017.</subfield>
  </datafield>
  <datafield tag="300" ind1=" " ind2=" ">
    <subfield code="a">215 &#x441;&#x442;&#x440;.:</subfield>
    <subfield code="b">&#x438;&#x43B;.;</subfield>
    <subfield code="c">22 &#x441;&#x43C;.</subfield>
  </datafield>
  <datafield tag="521" ind1=" " ind2=" ">
    <subfield code="a">&#x411;&#x438;&#x431;&#x43B;&#x438;&#x433;&#x440;. 211-213 &#x441;&#x442;&#x440;.</subfield>
  </datafield>
  <datafield tag="653" ind1=" " ind2=" ">
    <subfield code="a">&#x10D5;&#x10D8;&#x10DC; &#x10D5;&#x10D0;&#x10E0;&#x10D7; &#x10E1;&#x10D8;&#x10DC;&#x10D0;&#x10DB;&#x10D3;&#x10D5;&#x10D8;&#x10DA;&#x10D4;&#x10E8;&#x10D8;</subfield>
  </datafield>
  <datafield tag="653" ind1=" " ind2=" ">
    <subfield code="a">&#x10D0;&#x10E0;&#x10D0;&#x10EA;&#x10DC;&#x10DD;&#x10D1;&#x10D8;&#x10D4;&#x10E0;&#x10D8; &#x10E1;&#x10EE;&#x10D4;&#x10E3;&#x10DA;&#x10D8;&#x10E1; &#x10D2;&#x10D0;&#x10DB;&#x10DD;&#x10E1;&#x10D0;&#x10EE;&#x10E3;&#x10DA;&#x10D4;&#x10D1;&#x10D8;&#x10E1; &#x10E8;&#x10D4;&#x10E1;&#x10D0;&#x10EE;&#x10D4;&#x10D1;</subfield>
  </datafield>
  <datafield tag="942" ind1=" " ind2=" ">
    <subfield code="2">udc</subfield>
    <subfield code="c">&#x1CAC;&#x1C98;&#x1C92;&#x1C9C;&#x1C98;</subfield>
  </datafield>
  <datafield tag="952" ind1=" " ind2=" ">
    <subfield code="0">0</subfield>
    <subfield code="1">0</subfield>
    <subfield code="2">udc</subfield>
    <subfield code="4">0</subfield>
    <subfield code="6">61689_C60</subfield>
    <subfield code="7">0</subfield>
    <subfield code="9">101987</subfield>
    <subfield code="a">CPL</subfield>
    <subfield code="b">CPL</subfield>
    <subfield code="c">GEN</subfield>
    <subfield code="d">2025-02-03</subfield>
    <subfield code="g">6.00</subfield>
    <subfield code="o">616..89 C-60</subfield>
    <subfield code="p">70536</subfield>
    <subfield code="r">2025-02-03</subfield>
    <subfield code="t">70536</subfield>
    <subfield code="w">2025-02-03</subfield>
    <subfield code="y">&#x1CAC;&#x1C98;&#x1C92;&#x1C9C;&#x1C98;</subfield>
    <subfield code="z">6 &#x10DA;.</subfield>
  </datafield>
</record>
